00585nam a22001697a 450000500170000001000150001702000260003203500140005803700130007208200080008510000270009324500580012026000330017827001400021130000260035150000380037720180503103152.0 aENG-122746 a9789385289187c995.00 aEN-106278 bDBAD/PUB a921 aChaudhary, Shailesh K. aNarendra Damodardas Modi /cby Shailesh K. Chaudhary aNew DelhibSolar Booksc2017 a4239A/1, Veer Sadan, Ansari Road (Behind Delhi Hospital), Darya Ganj,bNew Delhie110002k011-43505201/02/03msales.solarbook@gmail.com avii, 267p.c23cm (Hb) aIt include bibliography and index